000 00561nam a2200169 i 4500
001 42447
003 ES-MaACL
005 20230906160620.0
007 t|
008 030327s1872 fr ||||1| fre d
100 1 _aCorre, Armand.
_940742
245 1 3 _aLa pratique de la chirurgie d'urgence /
_cpar Armand Corre.
260 _aParis :
_bJ.B. Baillière et Fils,
_c1872.
300 _aVIII, 216 p. :
_bil. ;
_c16 cm.
650 4 _aCirugía de urgencia.
_9147774
852 _aES-MaACL
_jG-10352(1)
_q. - Encuadernado con otras obras
_z.- Legado Gustavo Saenz Diez
999 _c42447
_d42447